| 000 | 00830nam a22002177a 4500 | ||
|---|---|---|---|
| 999 |
_c6774 _d6774 |
||
| 003 | AR-CdUCM | ||
| 008 | 190319b ||||| |||| 00| 0 spa d | ||
| 040 |
_aMUNICIPALIDAD PROVINCIAL DEL CUSCO _cBIBLIOTECA MUNICIPAL DEL CUSCO |
||
| 041 | _heng | ||
| 082 |
_a510 / _bK34 |
||
| 100 |
_aKeesee, John W. _919066 |
||
| 245 | _aIntroducción a la Topología Algebraica / | ||
| 260 |
_aEspaña : _bAlhambra ; _c1971. |
||
| 300 |
_a148 páginas ; _bFórmulas, diagramas _c20cm |
||
| 440 |
_aColección Exedra - Ciencia Técnica Ingeniería _n75 _919067 |
||
| 505 | _aContenido: Los grupos de homología de un complejo simplical -- Grupos de homología de un poliedro -- Aplicaciones elementales | ||
| 650 |
_aMatemáticas _99398 |
||
| 700 |
_aFleitas Morales, Guillermo (traducción) _919068 |
||
| 942 |
_2ddc _cLIBROS |
||
| 945 | _anom | ||